Statistiques concernant Les villes les plus peuplées de Champagne-Ardenne

Cliquez ici pour prendre le quiz!

Statistiques générales

  • Ce quiz a été pris 163 fois
  • Le résultat moyen est 9 sur 20

Statistiques - réponses

PopulationVille% Correct
187 181Reims
98%
60 903Troyes
84%
55 481Charleville-Mézières
83%
47 338Châlons-en-Champagne
82%
20 547Sedan
72%
25 977Chaumont
69%
25 829Épernay
66%
30 836Saint-Dizier
56%
9 586Langres
52%
16 725Vitry-le-François
49%
8 053Rethel
46%
14 610Romilly-sur-Seine
31%
10 079Tinqueux
31%
7 370Givet
22%
14 442La Chapelle-Saint-Luc
17%
8 962Revin
13%
11 103Saint-André-les-Vergers
13%
6 425Saint-Julien-les-Villas
11%
10 124Sainte-Savine
10%
6 873Nouzonville
5%

Distribution des résultats

Percentile par nombre de réponses

% des personnes avec chaque résultat

Votre développement - résultats

Vous n’avez pas pris ce quiz